=LDR 00000nam 2200000 4500 =001 INLIS000000000006052 =005 20230221022122 =035 ##$$a 0010-061300000006052 =008 230221################g##########0#ind## =041 ##$$a Ind =082 ##$$a 362.042 =090 ##$$a 157 Kar p =100 ##$$a Kartono, Kartini =245 1#$$a Patologi Sosial 3 : $b Gangguan-gangguan Kejiwaan /$c Kartini Kartono =260 ##$$a Jakarta :$b Rajawali,$c 1992 =300 ##$$a xii, 312 hlm. ; $c 20 x 14 cm. =650 #4$$a Patologi Sosial =850 ##$$a NBPNMAT =020 ##$$a 979-421-151-6 =084 ##$$a 362.042 KAR p =990 ##$$a 99.097/Pro-96 =990 ##$$a DW00022404 =990 ##$$a DW00022409 =990 ##$$a 21302635 =990 ##$$a DW00022409 =990 ##$$a 99.097/Pro-96 =990 ##$$a DW00022404 =990 ##$$a 21302635 =990 ##$$a DW00022409 =990 ##$$a 99.097/Pro-96 =990 ##$$a DW00022404 =990 ##$$a 21302635 =990 ##$$a DW00022404 =990 ##$$a 99.097/Pro-96 =990 ##$$a DW00022409 =990 ##$$a 21302635